Statistics for UNESCO World Heritage Sites to Country

Click here to take the quiz!

General Stats

  • This quiz has been taken 43,571 times
  • The average score is 16 of 20

Answer Stats

Site Country % Correct
The Great WallChina
100%
Pyramids of GizaEgypt
99%
Statue of LibertyUnited States
99%
Taj MahalIndia
99%
Cathedral of Notre-DameFrance
98%
Great Barrier ReefAustralia
97%
Kremlin and Red SquareRussia
95%
Ancient KyotoJapan
95%
AcropolisGreece
94%
Machu PicchuPeru
93%
Cologne CathedralGermany
90%
Villages of TransylvaniaRomania
85%
TeotihuacanMexico
84%
Kilimanjaro National ParkTanzania
73%
Galápagos IslandsEcuador
73%
AngkorCambodia
73%
PetraJordan
69%
The DolomitesItaly
67%
City of PotosĂ­Bolivia
29%
Tikal National ParkGuatemala
28%

Score Distribution

Percentile by Number Answered

Percent of People with Each Score

Your Score History

You have not taken this quiz